Využívání marketingu a jeho vliv na obchodní výsledky firmy
Príspevok poukazuje na vzťah firem v rôznych odvetviach k využívaniu rôznych komunikačných nástrojov v marketingu. Snahou je potvrdiť alebo vyvrátiť tvrdenie, že v prípade ekonomickej krizy alebo turbulentného prostredia sa na prvom mieste škrtajú výdavky na marketing. Aké trendy v marketingu jednot...
Salvato in:
| Autore principale: | |
|---|---|
| Natura: | Capitolo di libro |
| Lingua: | ceco |
| Soggetti: | |
| Tags: |
Nessun Tag, puoi essere il primo ad aggiungerne!!
|
MARC
| LEADER | 00000nla a2200000 4500 | ||
|---|---|---|---|
| 001 | 0199928 | ||
| 005 | 20240417075056.0 | ||
| 041 | 0 | |a cze | |
| 044 | |a CZ | ||
| 245 | 1 | 0 | |a Využívání marketingu a jeho vliv na obchodní výsledky firmy |c Pavel Klička |
| 520 | |a Príspevok poukazuje na vzťah firem v rôznych odvetviach k využívaniu rôznych komunikačných nástrojov v marketingu. Snahou je potvrdiť alebo vyvrátiť tvrdenie, že v prípade ekonomickej krizy alebo turbulentného prostredia sa na prvom mieste škrtajú výdavky na marketing. Aké trendy v marketingu jednotlivé odvetvia uprednostňujú a ako sa budú tieto trendy vyvíjať do budúcna. | ||
| 610 | 2 | 0 | |a komunikácia marketingová |
| 610 | 2 | 0 | |a nástroje marketingové |
| 610 | 2 | 0 | |a investície |
| 610 | 2 | 0 | |a reklama |
| 610 | 2 | 0 | |a rozpočet podnikový |
| 610 | 2 | 0 | |a marketing |
| 610 | 2 | 0 | |a kríza |
| 610 | 2 | 0 | |a firmy |
| 610 | 2 | 0 | |a obchod |
| 100 | 1 | |a Klička, Pavel | |